[Event "DEM U18 2017"]
[Site "Willingen GER"]
[Date "2017.06.07"]
[Round "6"]
[White "Urban, Konstantin"]
[Black "Spitzl, Vinzent"]
[Result "1/2-1/2"]
[Termination "normal"]
[Board "4"]
[WhiteElo "2377"]
[BlackElo "2245"]
[WhiteClock "00:26:26"]
[BlackClock "00:42:20"]
[PlyCount "44"]
[WhiteFideId "12927511"]
[BlackFideId "12901253"]
[EventCountry "GER"]
[EventRounds "9"]
[EventType "swiss"]
[EventDate "2017.06.03"]

1. e4 {[%clk 1:30:58]} 1... e5 {[%clk 1:30:53]} 2. Nf3 {[%clk 1:31:23]} 2...
Nc6 {[%clk 1:31:12]} 3. Bb5 {[%clk 1:31:40]} 3... a6 {[%clk 1:31:17]} 4. Ba4 {
[%clk 1:32:05]} 4... Nf6 {[%clk 1:31:33]} 5. O-O {[%clk 1:32:19]} 5... Be7 {
[%clk 1:31:36]} 6. d3 {[%clk 1:32:31]} 6... b5 {[%clk 1:31:49]} 7. Bb3 { [%clk
1:32:55]} 7... O-O {[%clk 1:31:34]} 8. a4 {[%clk 1:28:17]} 8... b4 { [%clk
1:31:00]} 9. Bd5 {[%clk 1:23:10]} 9... Bd6 {[%clk 1:25:50]} 10. Bg5 { [%clk
1:20:58]} 10... h6 {[%clk 1:23:10]} 11. Bh4 {[%clk 1:17:16]} 11... g5 { [%clk
1:17:23]} 12. Bg3 {[%clk 1:14:54]} 12... Nxd5 {[%clk 1:17:15]} 13. exd5 { [%clk
1:15:22]} 13... Ne7 {[%clk 1:17:32]} 14. Nxe5 {[%clk 0:52:21]} 14... Bxe5
{[%clk 1:09:00]} 15. Bxe5 {[%clk 0:52:46]} 15... f6 {[%clk 1:07:10]} 16. Bg3 {
[%clk 0:50:46]} 16... Nxd5 {[%clk 1:04:37]} 17. c3 {[%clk 0:47:39]} 17... Rb8 {
[%clk 0:56:35]} 18. c4 {[%clk 0:32:36]} 18... Ne7 {[%clk 0:56:13]} 19. Re1 {
[%clk 0:32:46]} 19... Nf5 {[%clk 0:50:13]} 20. Qh5 {[%clk 0:31:52]} 20... Kg7 {
[%clk 0:49:53]} 21. Nd2 {[%clk 0:31:54]} 21... d6 {[%clk 0:45:23]} 22. Nf1 {
[%clk 0:26:26]} 22... Bd7 {[%clk 0:42:20]} 1/2-1/2

[Event "DEM U18 2017"]
[Site "Willingen GER"]
[Date "2017.06.07"]
[Round "6"]
[White "Uksini, Bardhyl"]
[Black "Herbrig, Alexander"]
[Result "1-0"]
[Termination "normal"]
[Board "5"]
[WhiteElo "2331"]
[BlackElo "2102"]
[WhiteClock "00:18:21"]
[BlackClock "00:08:14"]
[PlyCount "59"]
[WhiteFideId "1628313"]
[BlackFideId "12952044"]
[EventCountry "GER"]
[EventRounds "9"]
[EventType "swiss"]
[EventDate "2017.06.03"]

1. Nf3 {[%clk 1:30:54]} 1... Nf6 {[%clk 1:30:52]} 2. c4 {[%clk 1:31:06]} 2...
e6 {[%clk 1:30:44]} 3. g3 {[%clk 1:31:03]} 3... d5 {[%clk 1:30:41]} 4. b3 {
[%clk 1:30:24]} 4... b6 {[%clk 1:25:54]} 5. Bg2 {[%clk 1:28:52]} 5... Bb7 {
[%clk 1:26:06]} 6. O-O {[%clk 1:28:57]} 6... Be7 {[%clk 1:25:29]} 7. Bb2 {
[%clk 1:28:46]} 7... O-O {[%clk 1:24:24]} 8. e3 {[%clk 1:24:52]} 8... Nbd7 {
[%clk 1:18:28]} 9. Qe2 {[%clk 1:24:14]} 9... c5 {[%clk 1:11:42]} 10. Nc3 {
[%clk 1:17:04]} 10... Rc8 {[%clk 1:01:29]} 11. cxd5 {[%clk 1:12:32]} 11... Nxd5
{[%clk 1:00:13]} 12. Nxd5 {[%clk 1:04:42]} 12... Bxd5 {[%clk 0:56:27]} 13. Rfd1
{[%clk 1:03:14]} 13... f5 {[%clk 0:45:53]} 14. Rac1 {[%clk 0:59:01]} 14... Qc7
{[%clk 0:34:52]} 15. d3 {[%clk 0:52:03]} 15... Bf6 {[%clk 0:30:40]} 16. Bxf6 {
[%clk 0:32:38]} 16... Nxf6 {[%clk 0:30:44]} 17. b4 {[%clk 0:32:10]} 17... Qe7 {
[%clk 0:26:15]} 18. bxc5 {[%clk 0:27:53]} 18... Rxc5 {[%clk 0:26:07]} 19. d4 {
[%clk 0:27:37]} 19... Ra5 {[%clk 0:23:02]} 20. Rd2 {[%clk 0:27:12]} 20... Qb7 {
[%clk 0:19:06]} 21. Rdc2 {[%clk 0:26:52]} 21... b5 {[%clk 0:18:00]} 22. Nh4 {
[%clk 0:22:50]} 22... Bxg2 {[%clk 0:14:26]} 23. Nxg2 {[%clk 0:20:10]} 23... Ne4
{[%clk 0:11:49]} 24. Nf4 {[%clk 0:18:22]} 24... Ng5 {[%clk 0:11:10]} 25. d5 {
[%clk 0:17:30]} 25... exd5 {[%clk 0:10:38]} 26. Rc7 {[%clk 0:17:44]} 26... Qa6
{[%clk 0:10:03]} 27. R1c6 {[%clk 0:17:38]} 27... Nh3+ {[%clk 0:07:28]} 28. Nxh3
{[%clk 0:17:26]} 28... Rxa2 {[%clk 0:07:53]} 29. Rxa6 {[%clk 0:17:53]} 29...
Rxe2 {[%clk 0:08:14]} 30. Raxa7 {[%clk 0:18:21]} 1-0

[Event "DEM U18 2017"]
[Site "Willingen GER"]
[Date "2017.06.07"]
[Round "6"]
[White "Mätzkow, Maximilian Paul"]
[Black "Lagunow, Raphael"]
[Result "0-1"]
[Termination "normal"]
[Board "6"]
[BlackTitle "FM"]
[WhiteElo "2131"]
[BlackElo "2318"]
[WhiteClock "00:03:03"]
[BlackClock "00:01:07"]
[PlyCount "126"]
[WhiteFideId "24679933"]
[BlackFideId "24652644"]
[EventCountry "GER"]
[EventRounds "9"]
[EventType "swiss"]
[EventDate "2017.06.03"]

1. e4 {[%clk 1:30:58]} 1... c5 {[%clk 1:30:55]} 2. Nf3 {[%clk 1:31:24]} 2... e6
{[%clk 1:31:20]} 3. c3 {[%clk 1:31:47]} 3... Nf6 {[%clk 1:31:44]} 4. e5 { [%clk
1:32:11]} 4... Nd5 {[%clk 1:32:10]} 5. d4 {[%clk 1:32:28]} 5... cxd4 { [%clk
1:32:32]} 6. cxd4 {[%clk 1:32:48]} 6... d6 {[%clk 1:32:48]} 7. Nc3 { [%clk
1:31:29]} 7... Nxc3 {[%clk 1:25:38]} 8. bxc3 {[%clk 1:31:55]} 8... Nc6 { [%clk
1:23:54]} 9. Bf4 {[%clk 1:25:29]} 9... Be7 {[%clk 1:20:21]} 10. exd6 { [%clk
1:16:59]} 10... Bxd6 {[%clk 1:20:42]} 11. Bxd6 {[%clk 1:17:22]} 11... Qxd6
{[%clk 1:21:06]} 12. Bd3 {[%clk 1:16:52]} 12... Bd7 {[%clk 1:17:41]} 13. O-O
{[%clk 1:17:09]} 13... O-O {[%clk 1:17:33]} 14. Ng5 {[%clk 1:14:04]} 14... f5
{[%clk 1:13:51]} 15. Re1 {[%clk 1:11:46]} 15... h6 {[%clk 1:02:37]} 16. Nf3
{[%clk 1:11:56]} 16... Rac8 {[%clk 0:56:40]} 17. Rc1 {[%clk 1:10:21]} 17... Na5
{[%clk 0:41:54]} 18. Ne5 {[%clk 1:08:04]} 18... Bc6 {[%clk 0:39:47]} 19. Qe2 {
[%clk 0:56:47]} 19... Rf6 {[%clk 0:35:30]} 20. Nxc6 {[%clk 0:42:19]} 20... Qxc6
{[%clk 0:30:09]} 21. Qe5 {[%clk 0:39:39]} 21... Nc4 {[%clk 0:23:04]} 22. Bxc4 {
[%clk 0:39:41]} 22... Qxc4 {[%clk 0:23:30]} 23. Qa5 {[%clk 0:39:24]} 23... a6 {
[%clk 0:22:53]} 24. f4 {[%clk 0:27:38]} 24... Rg6 {[%clk 0:19:30]} 25. Re3 {
[%clk 0:26:37]} 25... Rg4 {[%clk 0:17:32]} 26. Rf1 {[%clk 0:24:34]} 26... Qc6 {
[%clk 0:15:55]} 27. Rf2 {[%clk 0:24:27]} 27... b5 {[%clk 0:13:32]} 28. h3 {
[%clk 0:23:15]} 28... Rg6 {[%clk 0:13:56]} 29. Qa3 {[%clk 0:22:11]} 29... Rc7 {
[%clk 0:13:29]} 30. Rfe2 {[%clk 0:21:26]} 30... Rd7 {[%clk 0:10:57]} 31. Kh1 {
[%clk 0:17:08]} 31... Kh7 {[%clk 0:09:53]} 32. Qb3 {[%clk 0:14:48]} 32... Rd5 {
[%clk 0:09:48]} 33. Qb4 {[%clk 0:14:51]} 33... Rd6 {[%clk 0:08:31]} 34. Kh2 {
[%clk 0:14:10]} 34... h5 {[%clk 0:08:09]} 35. Rg3 {[%clk 0:12:10]} 35... h4 {
[%clk 0:07:38]} 36. Rxg6 {[%clk 0:12:36]} 36... Kxg6 {[%clk 0:08:05]} 37. Re5 {
[%clk 0:12:38]} 37... Kf6 {[%clk 0:06:47]} 38. Qb2 {[%clk 0:12:14]} 38... Kf7 {
[%clk 0:02:25]} 39. Rc5 39... Qe4 {[%clk 0:02:00]} 40. Qf2 {[%clk 0:08:56]}
40... g5 {[%clk 0:01:49]} 41. fxg5 {[%clk 0:08:47]} 41... Rd5 {[%clk 0:30:25]}
42. Qf3 {[%clk 0:33:20]} 42... Kg6 {[%clk 0:29:24]} 43. Rc8 {[%clk 0:20:18]}
43... Qxf3 {[%clk 0:24:03]} 44. gxf3 {[%clk 0:20:44]} 44... Kxg5 { [%clk
0:24:24]} 45. Kg2 {[%clk 0:20:15]} 45... b4 {[%clk 0:20:06]} 46. Kf2 { [%clk
0:13:59]} 46... Kf4 {[%clk 0:18:22]} 47. cxb4 {[%clk 0:04:39]} 47... Rxd4
{[%clk 0:18:37]} 48. Rc6 {[%clk 0:04:14]} 48... Rd2+ {[%clk 0:05:05]} 49. Ke1 {
[%clk 0:04:38]} 49... Rxa2 {[%clk 0:05:23]} 50. Rxe6 {[%clk 0:04:34]} 50...
Kxf3 {[%clk 0:04:29]} 51. Rb6 {[%clk 0:04:24]} 51... f4 {[%clk 0:02:50]} 52. b5
{[%clk 0:04:45]} 52... Re2+ {[%clk 0:02:34]} 53. Kf1 {[%clk 0:04:15]} 53... Rb2
{[%clk 0:02:41]} 54. Kg1 {[%clk 0:04:13]} 54... axb5 {[%clk 0:02:55]} 55. Rg6 {
[%clk 0:04:28]} 55... b4 {[%clk 0:02:20]} 56. Rb6 {[%clk 0:03:06]} 56... Rb3 {
[%clk 0:01:53]} 57. Kh2 {[%clk 0:02:55]} 57... Ke2 {[%clk 0:01:44]} 58. Ra6 {
[%clk 0:02:49]} 58... Ra3 {[%clk 0:00:56]} 59. Rf6 {[%clk 0:02:03]} 59... f3 {
[%clk 0:01:02]} 60. Rh6 {[%clk 0:02:18]} 60... f2 {[%clk 0:01:04]} 61. Re6+ {
[%clk 0:02:34]} 61... Re3 {[%clk 0:01:14]} 62. Rf6 {[%clk 0:02:37]} 62... f1=Q
{[%clk 0:00:41]} 63. Rxf1 {[%clk 0:03:03]} 63... Kxf1 {[%clk 0:01:07]} 0-1

[Event "DEM U18 2017"]
[Site "Willingen GER"]
[Date "2017.06.07"]
[Round "6"]
[White "Niermann, Tristan"]
[Black "Pallas, Sebastian"]
[Result "1/2-1/2"]
[Termination "normal"]
[Board "7"]
[WhiteElo "2340"]
[BlackElo "2185"]
[WhiteClock "00:09:06"]
[BlackClock "00:04:52"]
[PlyCount "74"]
[WhiteFideId "12990698"]
[BlackFideId "12905453"]
[EventCountry "GER"]
[EventRounds "9"]
[EventType "swiss"]
[EventDate "2017.06.03"]

1. d4 {[%clk 1:30:58]} 1... Nf6 {[%clk 1:30:45]} 2. c4 {[%clk 1:31:24]} 2... g6
{[%clk 1:30:44]} 3. f3 {[%clk 1:31:46]} 3... d5 {[%clk 1:30:22]} 4. cxd5 {
[%clk 1:32:00]} 4... Nxd5 {[%clk 1:30:28]} 5. e4 {[%clk 1:32:22]} 5... Nb6 {
[%clk 1:29:25]} 6. Nc3 {[%clk 1:32:39]} 6... Bg7 {[%clk 1:29:18]} 7. Be3 {
[%clk 1:33:02]} 7... O-O {[%clk 1:29:00]} 8. f4 {[%clk 1:33:12]} 8... f5 {
[%clk 1:23:29]} 9. e5 {[%clk 1:31:45]} 9... Be6 {[%clk 1:22:07]} 10. Nf3 {
[%clk 1:27:08]} 10... Qd7 {[%clk 1:15:47]} 11. Ng5 {[%clk 1:18:04]} 11... c6 {
[%clk 1:06:23]} 12. h4 {[%clk 1:11:33]} 12... h6 {[%clk 0:57:57]} 13. Nxe6 {
[%clk 1:07:20]} 13... Qxe6 {[%clk 0:58:20]} 14. h5 {[%clk 1:05:58]} 14... g5 {
[%clk 0:42:50]} 15. fxg5 {[%clk 1:01:28]} 15... f4 {[%clk 0:42:53]} 16. Bf2 {
[%clk 0:50:37]} 16... c5 {[%clk 0:32:01]} 17. dxc5 {[%clk 0:42:28]} 17... Nc6 {
[%clk 0:21:59]} 18. cxb6 {[%clk 0:37:23]} 18... Nxe5 {[%clk 0:21:13]} 19. Qb3 {
[%clk 0:33:09]} 19... Nd3+ {[%clk 0:17:16]} 20. Kd2 {[%clk 0:32:39]} 20... Qxb3
{[%clk 0:17:19]} 21. axb3 {[%clk 0:33:02]} 21... Nxf2 {[%clk 0:17:42]} 22. Bc4+
{[%clk 0:32:52]} 22... Kh8 {[%clk 0:17:29]} 23. Rhe1 {[%clk 0:30:33]} 23...
Rad8+ {[%clk 0:11:53]} 24. Kc2 {[%clk 0:29:58]} 24... axb6 {[%clk 0:11:50]} 25.
Rxe7 {[%clk 0:29:38]} 25... hxg5 {[%clk 0:11:10]} 26. Rxb7 {[%clk 0:28:15]}
26... b5 {[%clk 0:08:47]} 27. Raa7 {[%clk 0:25:47]} 27... bxc4 {[%clk 0:08:57]}
28. Rxg7 {[%clk 0:26:05]} 28... cxb3+ {[%clk 0:09:09]} 29. Kxb3 {[%clk 0:26:07]
} 29... Rf6 {[%clk 0:08:29]} 30. Rh7+ {[%clk 0:15:57]} 30... Kg8 { [%clk
0:08:56]} 31. Rag7+ {[%clk 0:15:53]} 31... Kf8 {[%clk 0:09:21]} 32. Rb7 { [%clk
0:15:27]} 32... Kg8 {[%clk 0:08:12]} 33. Rhg7+ {[%clk 0:13:29]} 33... Kh8
{[%clk 0:06:59]} 34. Rxg5 {[%clk 0:13:38]} 34... f3 {[%clk 0:06:18]} 35. Nd5 {
[%clk 0:10:52]} 35... Rfd6 {[%clk 0:04:38]} 36. Nf4 {[%clk 0:09:36]} 36... Ne4
{[%clk 0:04:39]} 37. Ng6+ {[%clk 0:09:06]} 37... Rxg6 {[%clk 0:04:52]} 1/2-1/2

[Event "DEM U18 2017"]
[Site "Willingen GER"]
[Date "2017.06.07"]
[Round "6"]
[White "Hesse, Henrik"]
[Black "Schneider, Jana"]
[Result "1-0"]
[Termination "normal"]
[Board "8"]
[BlackTitle "FM"]
[WhiteElo "2161"]
[BlackElo "2270"]
[WhiteClock "00:06:03"]
[BlackClock "00:00:43"]
[PlyCount "45"]
[WhiteFideId "12952060"]
[BlackFideId "12924997"]
[EventCountry "GER"]
[EventRounds "9"]
[EventType "swiss"]
[EventDate "2017.06.03"]

1. c4 {[%clk 1:30:08]} 1... e5 {[%clk 1:30:51]} 2. g3 {[%clk 1:30:28]} 2... Nc6
{[%clk 1:31:13]} 3. Bg2 {[%clk 1:30:50]} 3... Bc5 {[%clk 1:31:31]} 4. Nc3 {
[%clk 1:30:46]} 4... a6 {[%clk 1:31:50]} 5. Nf3 {[%clk 1:29:38]} 5... d6 {
[%clk 1:31:01]} 6. d3 {[%clk 1:29:50]} 6... Nge7 {[%clk 1:30:16]} 7. e3 { [%clk
1:08:52]} 7... Ba7 {[%clk 1:29:51]} 8. Bd2 {[%clk 1:06:14]} 8... Bf5 { [%clk
1:22:41]} 9. e4 {[%clk 1:00:45]} 9... Bd7 {[%clk 1:16:53]} 10. Be3 { [%clk
0:54:37]} 10... Bxe3 {[%clk 1:12:35]} 11. fxe3 {[%clk 0:55:00]} 11... h5 {[%clk
0:56:16]} 12. Qd2 {[%clk 0:44:42]} 12... Qc8 {[%clk 0:54:20]} 13. Nd5 { [%clk
0:41:33]} 13... Ng6 {[%clk 0:46:58]} 14. Qf2 {[%clk 0:37:27]} 14... a5 { [%clk
0:37:17]} 15. O-O {[%clk 0:32:00]} 15... O-O {[%clk 0:23:06]} 16. Nh4 { [%clk
0:23:18]} 16... Nxh4 {[%clk 0:21:25]} 17. gxh4 {[%clk 0:23:43]} 17... Bg4
{[%clk 0:19:17]} 18. Qg3 {[%clk 0:17:23]} 18... Kh7 {[%clk 0:13:37]} 19. h3 {
[%clk 0:13:02]} 19... Be2 {[%clk 0:09:05]} 20. Rf5 {[%clk 0:08:48]} 20... g6 {
[%clk 0:03:10]} 21. Re1 {[%clk 0:06:37]} 21... Qe6 {[%clk 0:01:11]} 22. Rf6 {
[%clk 0:05:38]} 22... Qd7 {[%clk 0:00:43]} 23. Rxe2 {[%clk 0:06:03]} 1-0

[Event "DEM U18 2017"]
[Site "Willingen GER"]
[Date "2017.06.07"]
[Round "6"]
[White "Oberhofer, Cédric"]
[Black "Neukirchner, Pascal"]
[Result "1-0"]
[Termination "normal"]
[Board "9"]
[WhiteElo "2187"]
[BlackElo "2108"]
[WhiteClock "00:24:36"]
[BlackClock "00:18:41"]
[PlyCount "103"]
[WhiteFideId "12941220"]
[BlackFideId "12997927"]
[EventCountry "GER"]
[EventRounds "9"]
[EventType "swiss"]
[EventDate "2017.06.03"]

1. d4 {[%clk 1:30:58]} 1... g6 {[%clk 1:30:08]} 2. c4 {[%clk 1:31:22]} 2... Bg7
3. Nf3 {[%clk 1:31:44]} 3... c5 {[%clk 1:30:28]} 4. d5 {[%clk 1:32:00]} 4... f5
{[%clk 1:30:43]} 5. g3 {[%clk 1:30:53]} 5... d6 {[%clk 1:30:53]} 6. Bg2 { [%clk
1:30:38]} 6... Nf6 {[%clk 1:31:07]} 7. O-O {[%clk 1:29:56]} 7... O-O { [%clk
1:31:17]} 8. Nc3 {[%clk 1:26:11]} 8... Na6 {[%clk 1:31:16]} 9. e4 { [%clk
1:18:46]} 9... fxe4 {[%clk 1:28:57]} 10. Ng5 {[%clk 1:19:05]} 10... Nc7 { [%clk
1:28:31]} 11. a4 {[%clk 1:13:40]} 11... Bf5 {[%clk 1:18:28]} 12. Ngxe4 { [%clk
1:09:35]} 12... Nxe4 {[%clk 1:16:55]} 13. Nxe4 {[%clk 1:09:50]} 13... Qd7
{[%clk 1:14:44]} 14. Bd2 {[%clk 1:03:24]} 14... Bh3 {[%clk 1:04:57]} 15. Bc3 {
[%clk 1:00:05]} 15... Bxg2 {[%clk 1:04:46]} 16. Kxg2 {[%clk 1:00:24]} 16... Qf5
{[%clk 0:49:48]} 17. Qe2 {[%clk 0:59:06]} 17... Rf7 {[%clk 0:48:39]} 18. Bxg7 {
[%clk 0:55:15]} 18... Kxg7 {[%clk 0:48:54]} 19. f4 {[%clk 0:55:06]} 19... h6 {
[%clk 0:46:28]} 20. Rae1 {[%clk 0:45:39]} 20... Raf8 {[%clk 0:40:58]} 21. b4 {
[%clk 0:41:01]} 21... cxb4 {[%clk 0:38:31]} 22. Qb2+ {[%clk 0:41:23]} 22... Kh7
{[%clk 0:38:54]} 23. Qxb4 {[%clk 0:41:39]} 23... b6 {[%clk 0:37:54]} 24. Qb2 {
[%clk 0:38:46]} 24... Na6 {[%clk 0:37:03]} 25. Qb5 {[%clk 0:36:17]} 25... Nc5 {
[%clk 0:37:05]} 26. Nxc5 {[%clk 0:36:29]} 26... bxc5 {[%clk 0:37:29]} 27. Qb1 {
[%clk 0:33:24]} 27... Qd7 {[%clk 0:36:19]} 28. Re6 {[%clk 0:31:18]} 28... Rf6 {
[%clk 0:35:27]} 29. Rfe1 {[%clk 0:30:08]} 29... Rxe6 {[%clk 0:33:00]} 30. Rxe6
{[%clk 0:30:33]} 30... Rf6 {[%clk 0:33:25]} 31. Re2 {[%clk 0:29:13]} 31... Kg7
{[%clk 0:30:43]} 32. Qb5 {[%clk 0:26:37]} 32... Qd8 {[%clk 0:26:07]} 33. Qb7 {
[%clk 0:26:24]} 33... Rf7 {[%clk 0:26:34]} 34. Qb2+ {[%clk 0:17:39]} 34... Kh7
{[%clk 0:26:32]} 35. Qb5 {[%clk 0:17:42]} 35... Kg7 {[%clk 0:15:01]} 36. a5 {
[%clk 0:15:02]} 36... Qc8 {[%clk 0:12:26]} 37. Re6 {[%clk 0:14:27]} 37... Kh7 {
[%clk 0:10:55]} 38. a6 {[%clk 0:13:44]} 38... Qh8 {[%clk 0:07:55]} 39. Qb1 {
[%clk 0:08:32]} 39... Qg7 {[%clk 0:08:12]} 40. Qc2 {[%clk 0:07:18]} 40... Rf6 {
[%clk 0:07:27]} 41. Re1 {[%clk 0:04:57]} 41... Kg8 {[%clk 0:01:41]} 42. Qe4 {
[%clk 0:27:19]} 42... Kf8 {[%clk 0:28:13]} 43. Rb1 {[%clk 0:25:35]} 43... g5 {
[%clk 0:25:50]} 44. Rb8+ {[%clk 0:23:39]} 44... Kf7 {[%clk 0:26:17]} 45. Rb7 {
[%clk 0:23:58]} 45... Ke8 {[%clk 0:20:44]} 46. Rxa7 {[%clk 0:23:31]} 46... gxf4
{[%clk 0:19:33]} 47. Ra8+ {[%clk 0:23:55]} 47... Kf7 {[%clk 0:19:13]} 48. Re8 {
[%clk 0:24:08]} 48... Kxe8 {[%clk 0:17:52]} 49. a7 {[%clk 0:24:31]} 49... f3+ {
[%clk 0:18:13]} 50. Kf2 {[%clk 0:24:43]} 50... Rf8 {[%clk 0:18:13]} 51. a8=Q+ {
[%clk 0:24:36]} 51... Kf7 {[%clk 0:18:41]} 52. Qe6# 1-0

[Event "DEM U18 2017"]
[Site "Willingen GER"]
[Date "2017.06.07"]
[Round "6"]
[White "Reindl, Arno"]
[Black "Ravina, David"]
[Result "1-0"]
[Termination "normal"]
[Board "10"]
[WhiteElo "2013"]
[BlackElo "2236"]
[WhiteClock "00:54:58"]
[BlackClock "00:48:26"]
[PlyCount "47"]
[WhiteFideId "12946729"]
[BlackFideId "12921858"]
[EventCountry "GER"]
[EventRounds "9"]
[EventType "swiss"]
[EventDate "2017.06.03"]

1. e4 {[%clk 1:30:48]} 1... e5 {[%clk 1:30:54]} 2. Nf3 {[%clk 1:30:59]} 2...
Nc6 {[%clk 1:31:19]} 3. d4 {[%clk 1:30:50]} 3... exd4 {[%clk 1:31:42]} 4. Nxd4
{[%clk 1:31:09]} 4... Nf6 {[%clk 1:32:06]} 5. Nxc6 {[%clk 1:31:13]} 5... bxc6 {
[%clk 1:32:26]} 6. e5 {[%clk 1:31:35]} 6... Qe7 {[%clk 1:32:52]} 7. Qe2 { [%clk
1:31:57]} 7... Nd5 {[%clk 1:33:15]} 8. c4 {[%clk 1:32:17]} 8... Nb6 { [%clk
1:33:39]} 9. b3 {[%clk 1:32:16]} 9... Qe6 {[%clk 1:33:58]} 10. Bb2 { [%clk
1:32:21]} 10... Bb4+ {[%clk 1:34:17]} 11. Nc3 {[%clk 1:32:22]} 11... Ba6 {[%clk
1:24:44]} 12. O-O-O {[%clk 1:31:09]} 12... O-O-O {[%clk 1:21:02]} 13. f4 {[%clk
1:29:38]} 13... Rhe8 {[%clk 1:09:51]} 14. Ne4 {[%clk 1:25:39]} 14... f6 {[%clk
1:06:39]} 15. a3 {[%clk 1:13:30]} 15... Bf8 {[%clk 1:03:08]} 16. Qf2 { [%clk
1:03:45]} 16... fxe5 {[%clk 0:50:47]} 17. c5 {[%clk 0:54:21]} 17... Bxf1 {[%clk
0:49:53]} 18. cxb6 {[%clk 0:54:09]} 18... Ba6 {[%clk 0:49:51]} 19. bxc7 {[%clk
0:54:33]} 19... Kxc7 {[%clk 0:48:54]} 20. Qxa7+ {[%clk 0:54:56]} 20... Bb7
{[%clk 0:48:51]} 21. Bxe5+ {[%clk 0:55:01]} 21... d6 {[%clk 0:49:11]} 22. Nc5
{[%clk 0:54:25]} 22... Qc8 {[%clk 0:49:35]} 23. Bc3 {[%clk 0:54:41]} 23... dxc5
{[%clk 0:48:26]} 24. Ba5# {[%clk 0:54:58]} 1-0

[Event "DEM U18 2017"]
[Site "Willingen GER"]
[Date "2017.06.07"]
[Round "6"]
[White "Karsay, Pascal"]
[Black "Carnot, Luca"]
[Result "1-0"]
[Termination "normal"]
[Board "11"]
[WhiteElo "2141"]
[BlackElo "1946"]
[WhiteClock "00:45:09"]
[BlackClock "00:29:49"]
[PlyCount "55"]
[WhiteFideId "12953474"]
[BlackFideId "12958964"]
[EventCountry "GER"]
[EventRounds "9"]
[EventType "swiss"]
[EventDate "2017.06.03"]

1. e4 {[%clk 1:30:58]} 1... c5 {[%clk 1:30:55]} 2. Nf3 {[%clk 1:31:24]} 2...
Nc6 {[%clk 1:31:22]} 3. d4 {[%clk 1:31:42]} 3... cxd4 {[%clk 1:31:50]} 4. Nxd4
{[%clk 1:32:04]} 4... g6 {[%clk 1:32:18]} 5. c4 {[%clk 1:32:26]} 5... Bg7 {
[%clk 1:32:44]} 6. Be3 {[%clk 1:32:51]} 6... Nf6 {[%clk 1:33:10]} 7. Nc3 {
[%clk 1:33:15]} 7... O-O {[%clk 1:33:37]} 8. Be2 {[%clk 1:33:37]} 8... d6 {
[%clk 1:34:03]} 9. O-O {[%clk 1:34:00]} 9... Bd7 {[%clk 1:34:31]} 10. Qd2 {
[%clk 1:34:24]} 10... Nxd4 {[%clk 1:34:24]} 11. Bxd4 {[%clk 1:34:48]} 11... Bc6
{[%clk 1:34:02]} 12. Bd3 {[%clk 1:35:13]} 12... a5 {[%clk 1:18:30]} 13. Rfe1 {
[%clk 1:35:29]} 13... Ng4 {[%clk 1:04:52]} 14. Bxg7 {[%clk 1:35:42]} 14... Kxg7
{[%clk 1:05:21]} 15. Rad1 {[%clk 1:27:19]} 15... Qb6 {[%clk 1:01:07]} 16. Nd5 {
[%clk 1:15:16]} 16... Bxd5 {[%clk 0:59:15]} 17. exd5 {[%clk 1:15:40]} 17...
Rfe8 {[%clk 0:57:11]} 18. Re4 {[%clk 1:11:35]} 18... Nf6 {[%clk 0:50:36]} 19.
Rh4 {[%clk 1:05:57]} 19... Qb4 {[%clk 0:46:45]} 20. Qh6+ {[%clk 1:03:35]} 20...
Kg8 {[%clk 0:47:14]} 21. g4 {[%clk 1:01:58]} 21... Qxb2 {[%clk 0:45:11]} 22. g5
{[%clk 1:01:30]} 22... Nd7 {[%clk 0:45:33]} 23. Qxh7+ {[%clk 0:59:55]} 23...
Kf8 {[%clk 0:44:09]} 24. Bxg6 {[%clk 0:50:31]} 24... Qg7 {[%clk 0:33:14]} 25.
Bxf7 {[%clk 0:44:59]} 25... Qxf7 {[%clk 0:30:04]} 26. Qh8+ {[%clk 0:44:34]}
26... Qg8 {[%clk 0:30:20]} 27. Rf4+ {[%clk 0:44:54]} 27... Nf6 {[%clk 0:29:49]}
28. Qxg8+ {[%clk 0:45:09]  Nxg8} 1-0